[Event "Venlo VSV 75 B6"]
[Site "Venlo"]
[Date "2000.08.27"]
[Round "3"]
[White "Lubbers, Robbert"]
[Black "Friesen, Manfred"]
[Result "0-1"]
[WhiteElo "1135"]
[BlackElo "1523"]
[PlyCount "51"]
[EventDate "2000.08.25"]
[EventType "tourn"]
[EventRounds "3"]
[EventCountry "NED"]
[SourceTitle "EXT 2013"]
[Source "ChessBase"]
[SourceDate "2012.11.22"]
[SourceVersion "1"]
[SourceVersionDate "2012.11.22"]
[SourceQuality "1"]

1. c4 e5 2. Nc3 Nf6 3. e3 c5 4. Nd5 Be7 5. g3 d6 6. Nxf6+ Bxf6 7. e4 0-0 8. Nf3 Nd7 9. Bg2 Be7 10. 0-0 Nf6 11. d3 Ne8 12. Ne1 f5 13. exf5 Bxf5 14. Bxb7 Rb8 15. Bg2 Nf6 16. h3 Qd7 17. g4 Be6 18. g5 Ne8 19. Be4 Bf5 20. h4 Bxe4 21. dxe4 Qh3 22. Ng2 g6 23. f4 exf4 24. Nxf4 Qg3+ 25. Ng2 Rxf1+ 26. Kxf1 0-1